What Kitchen Gadget Is This? Quiz Stats

 Plays Quiz Updated Jul 7, 2020

Support Sporcle.
Go Orange.
Score 0/20 Timer 05:00
5 Plays Today
Question Answer Wrong Answers
Coffee Maker
97.8%
Electric Kettle
1.6%
Soup Cooker
0.4%
Egg Scrambler
0.1%
Food Processor
95.8%
Steamer
0.9%
Coffee Grinder
2%
Spice Roaster
0.4%
Blender
94.9%
Food Processor
4.5%
Column Steamer
0.1%
Iced Tea Brewer
0.1%
Salad Spinner
91.3%
Electric Collander
5.1%
Egg Separator
1.2%
Nut De-sheller
0.5%
Immersion Blender
90.5%
Extension Juicer
4.8%
Soup Thermometer
1.2%
Pasta Twirler
1%
Waffle Maker
88.2%
Egg Poacher
3.2%
Bagel Toaster
4.3%
Mini Pizza Oven
1.7%
Air Fryer
88.1%
Kitchen Safe
1.9%
Vacuum Sealer
3.9%
Sous Vide
4.8%
Food Dehydrator
84.7%
Salad Spinner
1.6%
Rice Cooker
4.5%
Home Rotisserie
5.9%
Bread Maker
83.7%
Deep Fryer
7.9%
Rice Cooker
2.3%
Steamer
2.6%
Knife Sharpener
81.6%
Vacuum Sealer
9%
Pantry Humidifier
1.2%
Taco Shell Maker
4.3%
Milk Frother
79.8%
Immersion Blender
3%
Cocktail Strainer
5.1%
Electric Masher
8.5%
Popcorn Popper
76%
Salad Shooter
7.5%
Frozen Yogurt Maker
4.7%
Soda Carbonator
9.5%
Quesadilla Press
75.1%
Pizza Oven
5%
Waffle Maker
11.1%
Flatbread Slicer
4.8%
Tortilla Press
71.1%
Garlic Masher
6.6%
Hamburger Press
16.9%
Olive Oil Extractor
1.9%
Mandoline
67%
Panini Press
4.5%
Horizontal Vegetable Peeler
22.6%
Meat Tenderizer
2.8%
Ice Cream Maker
59.1%
Butter Churn
13.1%
Potato Masher
3.2%
Manual Mixer/Grinder
20.1%
Juicer
56%
Spice Grinder
7.5%
French Press
9.7%
Food Chopper
25.2%
Rice Cooker
54.3%
Slow Cooker
41.7%
Electric Smoker
0.3%
Air Fryer
0.8%
Food Mill
54.3%
Stovetop Popcorn Popper
15.5%
Cheese Shredder
6%
Rotating Infuser
20.2%
Breakfast Sandwich Maker
41%
Multi-plane Pancake Griddle
30.7%
Vertical Cookie Oven
3.3%
Donut Fryer
20.6%

You're not logged in!

Compare scores with friends on all Sporcle quizzes.
OR
Log In
Forgot?

From the Vault

The 3rd Thing You Need to Know: '90s Fads

by MrWhiplash

This is for all you '90s kids out there.
Remove Ads.
Support Sporcle.
Get the best of Sporcle when you Go Orange. This ad-free experience offers more features, more stats, and more fun while also helping to support Sporcle. Thank you for becoming a member.

Show Comments

Extras

Top Quizzes Today


Score Distribution

Your Account Isn't Verified!

In order to create a playlist on Sporcle, you need to verify the email address you used during registration. Go to your Sporcle Settings to finish the process.

Report this User

Report this user for behavior that violates our Community Guidelines.

Details: